[Event "WYCC U16 Girls 2019"]
[Site "Mumbai"]
[Date "2019.10.05"]
[Round "5.4"]
[White "Djidjeli, Sarah"]
[Black "Loskutova, Viktoriya"]
[Result "0-1"]
[WhiteElo "2017"]
[BlackElo "2149"]
[Annotator "TA"]
[PlyCount "80"]
[EventDate "2019.10.02"]
[EventType "swiss"]
[EventCountry "IND"]
[SourceTitle "playchess.com"]
[Source "ChessBase"]
[SourceQuality "1"]

{[%evp 9,100,7,4,16,9,8,12,7,15,11,20,19,20,6,16,0,0,0,0,-8,0,0,48,39,42,37,30,0,19,0,0,-18,-22,-20,-24,-63,-68,-73,-59,-54,-59,-67,-77,-141,-41,-36,-48,-38,-42,-82,0,0,0,-79,-64,-124,-74,-112,-98,-138,-120,-189,-189,-234,0,-91,-35,-352,-172,-169,-164,-164,-176,-234,0,-160,-112,-196,-196,-393,-402,-396,-384,-800,-791,-1516,-1401,-29986,-29987,-29994,-29995,-29997,-29998]} 1. e4 c5 2. Nf3 d6 3. Bb5+ Nd7 4. Ba4 (4. c3 Ngf6 5. Bd3 e6 6. O-O b6 7. Bc2 Bb7 8. Re1 Be7 9. d4 O-O 10. Nbd2 cxd4 11. cxd4 Rc8 12. Nf1 d5 {0-1 (20) Vachier Lagrave,M (2774)-Wei,Y (2721) chess.com INT 2019}) 4... Ngf6 5. O-O a6 6. c4 {B51: Sicilian: Moscow Variation (3 Bb5+) without 3...Bd7} e6 7. Nc3 Be7 8. d4 {The position is equal.} cxd4 9. Nxd4 O-O 10. Qe2 Qc7 11. Bb3 $146 ({Predecessor:} 11. Bg5 Ne5 {½-½ (39) Mamedov,R (2650)-Iljiushenok,I (2520) Konya 2019}) 11... b6 12. f4 Bb7 13. Bd2 Rfe8 14. Kh1 Rac8 15. Rae1 e5 16. Nf5 Bf8 17. Qf3 Kh8 18. Ba4 Bc6 19. Nd5 (19. Bc2 {looks sharper.} b5 20. Ne3 exf4 21. Qxf4 Qa5 22. Rc1) 19... Nxd5 20. Bxc6 Nxf4 21. Bxd7 Qxd7 22. Bxf4 exf4 23. b3 g6 24. Nd4 $1 Bg7 25. Ne2 g5 26. Qd3 (26. h4 $142) 26... Qe6 (26... b5 $17 {aiming for ...bxc4.} 27. h4 bxc4 28. bxc4 h6) 27. Nd4 $15 Qg6 28. Nf5 Be5 29. g3 {[#]} Qf6 (29... b5 $1 $17 {[%mdl 512]}) 30. gxf4 $11 Bxf4 31. Rg1 (31. Rxf4 $11 {keeps the balance.} gxf4 32. Nxd6 {[%mdl 64] Double Attack}) 31... Rg8 32. Qh3 (32. Rd1 $15) 32... Rc7 33. Nh6 Re8 34. Rgf1 Rce7 35. Ng4 (35. Nf5 $17) 35... Qg7 $19 36. Nh6 {With the idea Nf5.} Qf6 (36... Qg6 $1 $19 {has better winning chances.} 37. Kg1 f6) 37. Ng4 $17 Qd4 ({Better is} 37... Qg6 $17 38. Qc3+ Be5 39. Nxe5 Rxe5) 38. Rd1 $2 {[%mdl 8192]} (38. e5 $1 $15 Bxe5 39. Nh6 {[%mdl 64] Remove Defender}) 38... Qg7 (38... Qxe4+ $142 39. Qf3 Kg7 40. Qxe4 Rxe4) 39. Nf2 $19 {[#]} Re6 $1 {[%cal Re6h6] ...Rh6 is the strong threat.} 40. Qf3 Qb2 {Played: Re6-h6} 0-1

[Event "WYCC U16 Girls 2019"]
[Site "Mumbai"]
[Date "2019.10.05"]
[Round "5.5"]
[White "Ciolacu, Alessia-Mihaela"]
[Black "Lakshmi C"]
[Result "*"]
[WhiteElo "2095"]
[BlackElo "1859"]
[Annotator "NA"]
[PlyCount "41"]
[EventDate "2019.10.02"]
[EventType "swiss"]
[EventCountry "IND"]
[SourceTitle "playchess.com"]
[Source "ChessBase"]
[SourceQuality "1"]
[TimeControl "5400+30"]

{[%evp 16,34,45,32,68,32767,32767,131,32767,32767,32767,166,152,161,32767,176,178,181,176,165,163]} 1. d4 {[%emt 0:00:00]} Nf6 {[%emt 0:00:04]} 2. Nf3 {[%emt 0:00:00]} g6 {[%emt 0:00:07]} 3. c4 {[%emt 0:02:04]} Bg7 {[%emt 0:00:11]} 4. Nc3 {[%emt 0:00:07]} O-O {[%emt 0:00:11]} 5. e4 {[%emt 0:00:34]} d6 {[%emt 0:00:15]} 6. Be2 {[%emt 0:02:04]} Nc6 {[%emt 0:00:40]} 7. d5 {[%emt 0:03:47]} Nb8 {[%emt 0:04:05]} 8. h3 {[%emt 0:05:59]} Nbd7 {[%emt 0:11:44]} 9. Be3 {[%emt 0:02:35]} e5 {[%emt 0:06:39]} 10. g4 {[%emt 0:10:56]} Qe7 {[%emt 0:14:12] [#]} 11. Nd2 $1 {[%emt 0:03:50]} Ne8 {[%emt 0:09:10]} 12. h4 {[%emt 0:02:22]} h6 {[%emt 0:00:32]} 13. Nf1 {[%emt 0:10:35]} a5 {[%emt 0:13:40]} 14. Ng3 {[%emt 0:00:16]} Nc5 {[%emt 0:00:31]} 15. Qd2 {[%emt 0:06:16]} Kh7 {[%emt 0:01:37]} 16. O-O-O {[%emt 0:02:56]} a4 {[%emt 0:04:41]} 17. Kb1 {[%emt 0:04:18]} Bd7 $18 {[%emt 0:05:18]} 18. Rdg1 {[%emt 0:03:30]} c6 {[%emt 0:02:42]} 19. Rd1 {[%emt 0:06:31]} b6 {[%emt 0:02:37]} 20. dxc6 {[%emt 0:02:00]} Bxc6 {[%emt 0:00:09]} 21. Nd5 {[%emt 0:00:26]} *

[Event "WYCC U16 Girls 2019"]
[Site "Mumbai"]
[Date "2019.10.05"]
[Round "5.5"]
[White "Ciolacu, Alessia-Mihaela"]
[Black "Lakshmi, C."]
[Result "1-0"]
[WhiteElo "2095"]
[BlackElo "1859"]
[Annotator "NA RC"]
[PlyCount "81"]
[EventDate "2019.10.02"]
[EventType "swiss"]
[EventCountry "IND"]
[SourceTitle "playchess.com"]
[Source "ChessBase"]
[SourceQuality "1"]
[TimeControl "5400+30"]

1. d4 {[%emt 0:00:00]} Nf6 {[%emt 0:00:04]} 2. Nf3 {[%emt 0:00:00]} g6 {[%emt 0:00:07]} 3. c4 {[%emt 0:02:04]} Bg7 {[%emt 0:00:11]} 4. Nc3 {[%emt 0:00:07]} O-O {[%emt 0:00:11]} 5. e4 {[%emt 0:00:34]} d6 {[%emt 0:00:15]} 6. Be2 {[%emt 0:02:04]} Nc6 {[%emt 0:00:40]} 7. d5 {[%emt 0:03:47]} Nb8 {[%emt 0:04:05]} 8. h3 {[%emt 0:05:59]} Nbd7 {[%emt 0:11:44]} 9. Be3 {[%emt 0:02:35]} e5 {[%emt 0:06:39]} 10. g4 {[%emt 0:10:56]} Qe7 {[%emt 0:14:12] [#]} 11. Nd2 $1 {[%emt 0:03:50]} Ne8 {[%emt 0:09:10]} 12. h4 {[%emt 0:02:22]} h6 {[%emt 0:00:32]} 13. Nf1 {[%emt 0:10:35]} a5 {[%emt 0:13:40]} 14. Ng3 {[%emt 0:00:16]} Nc5 {[%emt 0:00:31]} 15. Qd2 {[%emt 0:06:16]} Kh7 {[%emt 0:01:37]} 16. O-O-O {[%emt 0:02:56]} a4 {[%emt 0:04:41]} 17. Kb1 {[%emt 0:04:18]} Bd7 $18 {[%emt 0:05:18]} 18. Rdg1 {[%emt 0:03:30]} c6 {[%emt 0:02:42]} 19. Rd1 {[%emt 0:06:31]} b6 {[%emt 0:02:37]} 20. dxc6 {[%emt 0:02:00]} Bxc6 {[%emt 0:00:09]} 21. Nd5 {[%emt 0:00:26]} Qa7 {[%emt 0:05:38]} 22. h5 {[%emt 0:09:51]} g5 {[%emt 0:05:56]} 23. Nf5 {[%emt 0:05:00]} f6 {[%emt 0:00:34]} 24. f3 {[%emt 0:01:18]} Bd7 {[%emt 0:07:56]} 25. Nc3 {[%emt 0:03:01]} Bxf5 {[%emt 0:02:00]} 26. exf5 {[%emt 0:01:00]} Rd8 {[%emt 0:00:44]} 27. Qd5 {[%emt 0:01:14]} Rf7 {[%emt 0:00:56]} 28. Rd2 {[%emt 0:01:21]} Rfd7 {[%emt 0:00:23]} 29. Rhd1 {[%emt 0:00:41]} Qa5 {[%emt 0:00:32]} 30. Ne4 {[%emt 0:03:56]} Nc7 {[%emt 0:00:38]} 31. Qc6 {[%emt 0:00:11]} Nb3 {[%emt 0:00:32]} 32. Rxd6 {[%emt 0:00:57]} Rxd6 {[%emt 0:00:12]} 33. Nxd6 {[%emt 0:00:07]} Na8 {[%emt 0:00:50]} 34. Qb7 {[%emt 0:01:49]} Qb4 {[%emt 0:00:32]} 35. Ne4 {[%emt 0:00:20]} Rxd1+ {[%emt 0:00:28]} 36. Bxd1 {[%emt 0:00:01]} Qf8 {[%emt 0:00:31]} 37. axb3 {[%emt 0:00:09]} Qd8 {[%emt 0:00:25]} 38. Bc2 {[%emt 0:00:42]} axb3 {[%emt 0:00:36]} 39. Bxb3 {[%emt 0:00:04]} Nc7 {[%emt 0:00:25]} 40. Bxb6 {[%emt 0:00:20]} Qd3+ {[%emt 0:00:08]} 41. Ka2 {[%emt 0:00:20]} 1-0

[Event "WYCC U16 Girls 2019"]
[Site "Mumbai"]
[Date "2019.10.05"]
[Round "5.6"]
[White "Juhasz, Judit"]
[Black "Zhang, Xiao"]
[Result "1-0"]
[WhiteElo "2004"]
[BlackElo "2053"]
[Annotator "NA RC"]
[PlyCount "55"]
[EventDate "2019.10.02"]
[EventType "swiss"]
[EventCountry "IND"]
[SourceTitle "playchess.com"]
[Source "ChessBase"]
[SourceQuality "1"]
[TimeControl "5400+30"]

1. e4 {[%emt 0:00:00]} c6 {[%emt 0:00:00]} 2. d4 {[%emt 0:00:00]} d5 {[%emt 0:00:00]} 3. e5 {[%emt 0:00:00]} Bf5 {[%emt 0:00:00]} 4. h4 {[%emt 0:00:00]} h5 {[%emt 0:00:09]} 5. Bd3 {[%emt 0:00:06]} Bxd3 {[%emt 0:00:08]} 6. Qxd3 {[%emt 0:00:05]} e6 {[%emt 0:00:06]} 7. Bg5 {[%emt 0:00:12] B12: Caro-Kann: Advance Variation} Qb6 {[%emt 0:00:07]} (7... Be7 8. Nf3 Nh6 9. Nbd2 Nf5 10. Nf1 Qa5+ 11. c3 Qa6 12. Qd2 Nd7 13. Ng3 Nxg3 14. fxg3 f6 {½-½ (72) Inarkiev,E (2693)-Tomashevsky,E (2705) St Petersburg 2018}) 8. Nd2 {[%emt 0:00:13]} Qa6 {[%emt 0:00:15]} 9. c4 {[%emt 0:00:36]} Bb4 {[%emt 0:00:50]} 10. b3 {[%emt 0:01:05]} c5 {[%emt 0:02:05]} 11. dxc5 {[%emt 0:03:41]} Nd7 $146 {[%emt 0:09:17]} ({Predecessor:} 11... Nc6 12. Ngf3 Nge7 13. Bxe7 Nxe7 14. O-O Bxc5 {0-1 (56) Jose Abril,R (2337)-Grigoryan,K (2582) Badalona 2015}) 12. Ngf3 {[%emt 0:03:19]} Nxc5 {[%emt 0:00:47]} 13. Qe2 {[%emt 0:02:47] [#]} (13. Qe3 $16) 13... Nxb3 $1 {[%emt 0:13:21]} 14. Rb1 {[%emt 0:09:14] Pin} Bxd2+ {[%emt 0:03:05]} 15. Bxd2 {[%emt 0:02:26]} Qxa2 {[%emt 0:13:43]} 16. O-O {[%emt 0:01:16]} O-O-O {[%emt 0:04:44]} 17. cxd5 {[%emt 0:02:02]} Nxd2 {[%emt 0:01:06]} 18. Rfc1+ {[%emt 0:01:31]} Kb8 {[%emt 0:00:27]} 19. Rxb7+ {[%emt 0:04:02]} Ka8 {[%emt 0:00:49]} 20. Nxd2 {[%emt 0:00:30]} Rxd5 {[%emt 0:05:03]} 21. Rcb1 {[%emt 0:15:05]} Nh6 {[%emt 0:02:24]} 22. R7b2 {[%emt 0:02:19]} Qa4 {[%emt 0:09:37]} 23. Nc4 {[%emt 0:01:01]} Qc6 {[%emt 0:01:07] [#]} 24. Nb6+ {[%emt 0:00:38] Double Attack} axb6 {[%emt 0:02:02]} 25. Qa6+ {[%emt 0:00:06]} Kb8 {[%emt 0:00:02]} 26. Rxb6+ {[%emt 0:00:07]} Qxb6 {[%emt 0:00:03]} 27. Rxb6+ {[%emt 0:00:19]} Kc7 {[%emt 0:00:02]} 28. Rb7+ {[%emt 0:00:16]} 1-0

[Event "WYCC U16 Girls 2019"]
[Site "Mumbai"]
[Date "2019.10.05"]
[Round "5.7"]
[White "Salonika, Saina"]
[Black "Noshin, Anjum"]
[Result "1-0"]
[WhiteElo "2051"]
[BlackElo "1793"]
[Annotator "NA RC"]
[PlyCount "67"]
[EventDate "2019.10.02"]
[EventType "swiss"]
[EventCountry "IND"]
[SourceTitle "playchess.com"]
[Source "ChessBase"]
[SourceQuality "1"]
[TimeControl "5400+30"]

1. e4 {[%emt 0:00:00]} e5 {[%emt 0:00:00]} 2. Nf3 {[%emt 0:00:00]} Nc6 {[%emt 0:00:00]} 3. Bb5 {[%emt 0:00:00]} a6 {[%emt 0:00:00]} 4. Ba4 {[%emt 0:00:00]} Nf6 {[%emt 0:00:00]} 5. d3 {[%emt 0:00:00]} b5 {[%emt 0:01:58]} 6. Bb3 {[%emt 0:00:00]} Bc5 {[%emt 0:01:03]} 7. O-O {[%emt 0:00:15]} d6 {[%emt 0:00:55]} 8. c3 {[%emt 0:00:24]} O-O {[%emt 0:00:50]} 9. Bg5 {[%emt 0:05:16]} h6 {[%emt 0:01:54]} 10. Bh4 {[%emt 0:01:44]} Bb6 {[%emt 0:15:20]} 11. d4 {[%emt 0:07:36]} Bb7 {[%emt 0:11:00]} 12. Bd5 {[%emt 0:05:47]} (12. d5 $11 {remains equal.} Na5 13. Bc2) 12... Re8 {[%emt 0:06:12]} (12... g5 $17 13. Nxg5 Nxd5 14. exd5 hxg5 15. dxc6 Bxc6) 13. a4 {[%emt 0:05:56]} Qe7 {[%emt 0:09:37]} 14. Na3 {[%emt 0:07:39]} (14. Bxf6 $11 Qxf6 15. axb5 axb5 16. Rxa8 Bxa8 17. Qd3) 14... g5 {[%emt 0:19:34]} 15. Nxg5 {[%emt 0:14:01]} hxg5 {[%emt 0:01:56]} (15... Nxd5 $17 16. Nf3 Nf6 17. axb5 axb5) 16. Bxg5 $11 {[%emt 0:03:06]} Nd8 {[%emt 0:22:49]} 17. Bxb7 {[%emt 0:01:05]} Nxb7 {[%emt 0:00:07]} 18. Qf3 {[%emt 0:10:22]} Kg7 {[%emt 0:00:20]} 19. Nc2 {[%emt 0:01:24]} c6 {[%emt 0:04:26]} 20. Ne3 {[%emt 0:00:26]} Qe6 {[%emt 0:01:00]} 21. d5 {[%emt 0:05:36]} cxd5 {[%emt 0:00:08]} 22. Bxf6+ {[%emt 0:00:30]} Qxf6 {[%emt 0:00:23]} 23. Qxf6+ {[%emt 0:00:04]} Kxf6 {[%emt 0:00:04]} 24. Nxd5+ {[%emt 0:00:03]} Ke6 {[%emt 0:00:35]} 25. Nxb6 {[%emt 0:00:06]} Rab8 {[%emt 0:00:35]} 26. axb5 {[%emt 0:00:49]} axb5 {[%emt 0:00:16]} 27. b4 {[%emt 0:03:21]} Nd8 {[%emt 0:01:34]} 28. Nd5 {[%emt 0:00:06]} Rb7 {[%emt 0:00:15]} 29. f4 {[%emt 0:06:26]} f5 {[%emt 0:00:47]} 30. fxe5 {[%emt 0:00:08]} fxe4 {[%emt 0:00:10]} 31. Nf6 {[%emt 0:00:07]} Rf8 {[%emt 0:00:23]} 32. Ra6 {[%emt 0:00:22]} e3 {[%emt 0:01:00]} 33. Rxd6+ {[%emt 0:04:03]} Kxe5 {[%emt 0:00:08]} 34. Rd3 {[%emt 0:00:10] Kd5} 1-0

[Event "WYCC U16 Girls 2019"]
[Site "Mumbai"]
[Date "2019.10.05"]
[Round "5.8"]
[White "Mehendi, Sil"]
[Black "Greeshma, Anand Dhumal"]
[Result "1-0"]
[WhiteElo "1812"]
[BlackElo "1990"]
[Annotator "NA RC"]
[PlyCount "85"]
[EventDate "2019.10.02"]
[EventType "swiss"]
[EventCountry "IND"]
[SourceTitle "playchess.com"]
[Source "ChessBase"]
[SourceQuality "1"]
[TimeControl "5400+30"]

1. d4 d5 2. c4 c6 3. cxd5 cxd5 4. Bf4 Nc6 5. Nc3 a6 6. e3 Nf6 7. Nf3 e6 8. Be2 Bd6 9. Bxd6 Qxd6 10. O-O O-O 11. a3 b5 12. Rc1 Na5 13. Ne5 Nc4 14. Bxc4 dxc4 15. a4 Bb7 16. f3 Nd5 17. Nxd5 (17. Qd2 $11 {remains equal.}) 17... exd5 $17 18. b3 f6 19. Ng4 Rfc8 20. bxc4 dxc4 21. e4 Rd8 22. d5 f5 23. Nf2 Rac8 24. Qd4 Bc6 25. Qb6 Be8 26. Qxd6 Rxd6 27. axb5 axb5 28. Rfd1 Rcd8 29. Rd4 Kf8 30. Rcd1 Bc6 31. dxc6 Rxd4 32. Rxd4 Rc8 33. Rd5 b4 34. Rxf5+ Ke7 35. Rc5 c3 36. Rc4 Kd6 37. Nd3 Rxc6 38. Rxc6+ Kxc6 39. Nxb4+ Kb5 40. Nc2 Kc4 41. Kf2 Kd3 42. Ne1+ Kd2 43. e5 1-0

[Event "WYCC U16 Girls 2019"]
[Site "Mumbai"]
[Date "2019.10.05"]
[Round "5.8"]
[White "Mehendi Sil"]
[Black "Greeshma Anand Dhumal"]
[Result "*"]
[WhiteElo "1812"]
[BlackElo "1990"]
[Annotator "NA"]
[PlyCount "39"]
[EventDate "2019.10.02"]
[EventType "swiss"]
[EventCountry "IND"]
[SourceTitle "playchess.com"]
[Source "ChessBase"]
[SourceQuality "1"]
[TimeControl "5400+30"]

1. d4 d5 2. c4 c6 3. cxd5 cxd5 4. Bf4 Nc6 5. Nc3 a6 6. e3 Nf6 7. Nf3 e6 8. Be2 Bd6 9. Bxd6 Qxd6 10. O-O O-O 11. a3 b5 12. Rc1 Na5 13. Ne5 Nc4 14. Bxc4 dxc4 15. a4 Bb7 16. f3 Nd5 17. Nxd5 (17. Qd2 $11 {remains equal.}) 17... exd5 $17 18. b3 f6 19. Ng4 Rfc8 20. bxc4 *

[Event "WYCC U16 Girls 2019"]
[Site "Mumbai"]
[Date "2019.10.05"]
[Round "5.9"]
[White "Bulatova, Kamaliya"]
[Black "Zhang, Cindy"]
[Result "1-0"]
[WhiteElo "2181"]
[BlackElo "1808"]
[Annotator "TA"]
[PlyCount "65"]
[EventDate "2019.10.02"]
[EventType "swiss"]
[EventCountry "IND"]
[SourceTitle "playchess.com"]
[Source "ChessBase"]
[SourceQuality "1"]

{[%evp 14,65,1,6,26,15,63,54,58,43,42,41,95,64,73,37,96,69,77,58,67,69,85,70,93,82,93,91,121,124,129,122,126,118,570,573,569,549,554,555,551,553,633,645,762,763,942,953,1002,1008,994,987,1306,1296]} 1. d4 d5 2. Nf3 Nf6 3. g3 c6 4. Bg2 Bf5 5. O-O e6 6. c4 Be7 7. Nc3 O-O 8. Qb3 Qc8 {D11: Slav Defence: 3 Nf3 sidelines and 3...Nf6 4 e3 Bg4} 9. Nh4 (9. Bf4 Ne4 10. Rac1 Nxc3 11. bxc3 Be4 12. cxd5 cxd5 13. c4 Nc6 14. cxd5 Bxd5 15. Qb1 f5 16. Ne5 {1-0 (56) Grachev,B (2666)-Predke,A (2533) Sochi 2015}) 9... Bg6 10. Nxg6 hxg6 {White is slightly better.} 11. e4 dxe4 12. Nxe4 Nbd7 $146 (12... Nxe4 $14 13. Bxe4 Rd8) ({Predecessor:} 12... Nxe4 13. Bxe4 Nd7 14. Bf4 Rd8 15. Rfd1 Nf6 {½-½ (43) Efimov,I (2142)-Vetryansky,V (2193) Saratov 2012}) 13. Nc3 Rd8 14. Rd1 Bf8 (14... e5 $14) 15. Bg5 Qc7 16. d5 Nc5 17. Qc2 $1 a5 18. Qe2 cxd5 19. cxd5 e5 20. Rac1 Qb8 21. Nb5 Bd6 22. Be3 $36 {[%mdl 2048] White has strong initiative.} b6 23. b3 Be7 $2 {[%mdl 8192] [#]} (23... e4 $16 {is more resistant.} 24. Rc4 Re8 25. Bxc5 Bxc5) 24. d6 $18 {White is clearly winning.} Bf8 25. Bxc5 bxc5 26. Bxa8 Qxa8 27. Rxc5 Nd7 28. Rc7 {[%cal Bc5c7,Bc7a7,Ba7b7][%mdl 32]} Qa6 29. Qc4 Qb6 30. a4 Qa6 31. Ra7 Qb6 32. Qc7 e4 33. Rb7 {Accuracy: White = 69%, Black = 29%.} 1-0

[Event "WYCC U16 Girls 2019"]
[Site "Mumbai"]
[Date "2019.10.05"]
[Round "5.10"]
[White "Poorna, Sri M.K"]
[Black "Hajiyeva, Laman"]
[Result "1/2-1/2"]
[WhiteElo "1787"]
[BlackElo "2038"]
[Annotator "NA RC"]
[PlyCount "84"]
[EventDate "2019.10.02"]
[EventType "swiss"]
[EventCountry "IND"]
[SourceTitle "playchess.com"]
[Source "ChessBase"]
[SourceQuality "1"]
[TimeControl "5400+30"]

1. e4 e6 2. d4 d5 3. Nc3 Nf6 4. Bg5 Be7 5. e5 Nfd7 6. h4 h6 7. Bxe7 Qxe7 8. f4 a6 {C14: French: Classical System: 4 Bg5 Be7 main line} 9. Nf3 c5 10. Qd2 Nc6 11. Ne2 (11. Bd3 b6 12. Nd1 cxd4 13. Nf2 Nc5 14. Be2 Bd7 15. O-O-O Rc8 16. Kb1 O-O 17. g4 Rfd8 18. Nxd4 Nxd4 19. Qxd4 Bb5 20. Bd3 Bc4 21. Bxc4 {½-½ (21) Liang,A (2599)-Moradiabadi,E (2537) Greensboro 2019}) 11... b5 12. g4 Bb7 13. Ng3 f6 $146 ({Predecessor:} 13... cxd4 14. Nxd4 Nxd4 15. Qxd4 {½-½ (41) Hallenberg,S (2155)-Eloranta,K (2030) Finland 2008}) 14. O-O-O fxe5 15. dxe5 O-O-O 16. h5 Rhe8 17. g5 Nb6 18. gxh6 gxh6 19. f5 $15 Qg7 20. Qf4 Qf8 21. Nh4 c4 22. f6 Na4 23. f7 Nxe5 24. Qxe5 Qxf7 25. Bh3 c3 26. bxc3 Qe7 27. Rhe1 Qxh4 28. Bxe6+ Rxe6 29. Qxe6+ Kb8 30. Qe5+ Ka8 31. Rd4 Qh2 32. Nf5 Qxh5 33. Rf4 Qg5 34. Ref1 Rc8 35. Qe3 Rxc3 36. Qd2 Rc8 37. Nd6 Rc7 38. Qe3 Nc5 39. Nxb7 Kxb7 40. Kb1 Ne4 41. Qd3 Nc3+ 42. Kb2 Ne4 1/2-1/2

[Event "WYCC U16 Girls 2019"]
[Site "Mumbai"]
[Date "2019.10.05"]
[Round "5.10"]
[White "Poorna Sri M.K"]
[Black "Hajiyeva, Laman"]
[Result "*"]
[WhiteElo "1787"]
[BlackElo "2038"]
[Annotator "NA"]
[PlyCount "40"]
[EventDate "2019.10.02"]
[EventType "swiss"]
[EventCountry "IND"]
[SourceTitle "playchess.com"]
[Source "ChessBase"]
[SourceQuality "1"]
[TimeControl "5400+30"]

1. e4 e6 2. d4 d5 3. Nc3 Nf6 4. Bg5 Be7 5. e5 Nfd7 6. h4 h6 7. Bxe7 Qxe7 8. f4 a6 {C14: French: Classical System: 4 Bg5 Be7 main line} 9. Nf3 c5 10. Qd2 Nc6 11. Ne2 (11. Bd3 b6 12. Nd1 cxd4 13. Nf2 Nc5 14. Be2 Bd7 15. O-O-O Rc8 16. Kb1 O-O 17. g4 Rfd8 18. Nxd4 Nxd4 19. Qxd4 Bb5 20. Bd3 Bc4 21. Bxc4 {½-½ (21) Liang,A (2599)-Moradiabadi,E (2537) Greensboro 2019}) 11... b5 12. g4 Bb7 13. Ng3 f6 $146 ({Predecessor:} 13... cxd4 14. Nxd4 Nxd4 15. Qxd4 {½-½ (41) Hallenberg,S (2155)-Eloranta,K (2030) Finland 2008}) 14. O-O-O fxe5 15. dxe5 O-O-O 16. h5 Rhe8 17. g5 Nb6 18. gxh6 gxh6 19. f5 $15 Qg7 20. Qf4 Qf8 *

[Event "WYCC U16 Girls 2019"]
[Site "Mumbai"]
[Date "2019.10.05"]
[Round "5.11"]
[White "Jain, Nityata"]
[Black "Nanditha, V."]
[Result "1-0"]
[WhiteElo "2029"]
[BlackElo "1800"]
[Annotator "NA RC"]
[PlyCount "129"]
[EventDate "2019.10.02"]
[EventType "swiss"]
[EventCountry "IND"]
[SourceTitle "playchess.com"]
[Source "ChessBase"]
[SourceQuality "1"]
[TimeControl "5400+30"]

1. e4 c6 2. d4 d5 3. Nc3 dxe4 4. Nxe4 Nf6 5. Nxf6+ exf6 6. c3 Bd6 7. Bd3 O-O 8. Qc2 Re8+ {B15: Caro-Kann: 3 Nc3: 3...g6 and 3...dxe4 4 Nxe4 Nf6 5 Nxf6+ exf6} 9. Ne2 h5 10. Be3 h4 (10... Nd7 11. Ng3 Bf4 12. O-O-O Bxe3+ 13. fxe3 Rxe3 14. Rde1 Rxe1+ 15. Rxe1 Nf8 16. Nxh5 {½-½ (36) Mamedov,R (2650)-Cheparinov,I (2667) Hengshui 2019}) 11. O-O-O Be6 12. c4 Na6 $146 ({Predecessor:} 12... a5 13. Nc3 Na6 14. a3 Qb8 15. Qe2 f5 16. Qh5 {½-½ (36) Shevchenko,K (2549)-Gumularz,S (2441) Porto Carras 2018}) 13. a3 Rc8 14. Nc3 Nc7 15. Bf5 Qd7 16. Bxe6 Qxe6 17. c5 Bf8 18. Rhe1 Qd7 19. Qb3 Nd5 20. Nxd5 cxd5 21. Kb1 Rc6 22. Qc2 b6 23. b4 $11 b5 24. Kb2 g6 25. Qd3 Rce6 26. Qc3 a6 27. h3 R8e7 28. Bf4 Qe8 29. Rxe6 Rxe6 30. Rc1 Qc6 31. Re1 Bg7 32. Rxe6 fxe6 33. Bd6 Kf7 34. Qe3 Qe8 35. Qf4 g5 36. Qf3 Kg8 37. Kb3 Qg6 38. Kb2 Qe8 39. Kb3 Qg6 40. Qd1 Qe8 41. Qc2 Qc6 42. Qg6 Qa8 43. Be7 Kh8 44. Bxf6 Bxf6 45. Qxf6+ Kh7 46. Qxg5 a5 47. Qxh4+ Kg6 48. Qg3+ Kh6 49. Qe3+ Kg7 50. Qe5+ Kh7 51. Qc7+ Kg6 52. bxa5 b4 53. axb4 Qa6 54. Qg3+ Kf6 55. Qc3 Qc6 56. Qd3 e5 57. dxe5+ Kxe5 58. Qe3+ Kf5 59. g4+ Kg6 60. f4 d4 61. f5+ Kh7 62. Qe7+ Kh8 63. Qf8+ Kh7 64. Qf7+ Kh8 65. Qh5+ 1-0

[Event "WYCC U16 Girls 2019"]
[Site "Mumbai"]
[Date "2019.10.05"]
[Round "5.11"]
[White "Jain Nityata"]
[Black "Nanditha V"]
[Result "*"]
[WhiteElo "2029"]
[BlackElo "1800"]
[Annotator "NA"]
[PlyCount "51"]
[EventDate "2019.10.02"]
[EventType "swiss"]
[EventCountry "IND"]
[SourceTitle "playchess.com"]
[Source "ChessBase"]
[SourceQuality "1"]
[TimeControl "5400+30"]

1. e4 c6 2. d4 d5 3. Nc3 dxe4 4. Nxe4 Nf6 5. Nxf6+ exf6 6. c3 Bd6 7. Bd3 O-O 8. Qc2 Re8+ {B15: Caro-Kann: 3 Nc3: 3...g6 and 3...dxe4 4 Nxe4 Nf6 5 Nxf6+ exf6} 9. Ne2 h5 10. Be3 h4 (10... Nd7 11. Ng3 Bf4 12. O-O-O Bxe3+ 13. fxe3 Rxe3 14. Rde1 Rxe1+ 15. Rxe1 Nf8 16. Nxh5 {½-½ (36) Mamedov,R (2650)-Cheparinov,I (2667) Hengshui 2019}) 11. O-O-O Be6 12. c4 Na6 $146 ({Predecessor:} 12... a5 13. Nc3 Na6 14. a3 Qb8 15. Qe2 f5 16. Qh5 {½-½ (36) Shevchenko,K (2549)-Gumularz,S (2441) Porto Carras 2018}) 13. a3 Rc8 14. Nc3 Nc7 15. Bf5 Qd7 16. Bxe6 Qxe6 17. c5 Bf8 18. Rhe1 Qd7 19. Qb3 Nd5 20. Nxd5 cxd5 21. Kb1 Rc6 22. Qc2 b6 23. b4 $11 b5 24. Kb2 g6 25. Qd3 Rce6 26. Qc3 *